|
|
|
|
| LEADER |
00000nab a2200000 a 4500 |
| 001 |
vtls000223607 |
| 003 |
SK-MaSNL |
| 005 |
20260304060456.0 |
| 008 |
250422c1985 xo 0 slo |
| 015 |
|
|
|a SNBRB19rr/mm-uuuuu
|
| 035 |
|
|
|a CL0233721
|
| 035 |
|
|
|a urn:nbn:sk:snk-abbewb
|
| 035 |
|
|
|a (urnnbn)urn:nbn:sk:snk:ar-00335z
|
| 035 |
|
|
|a (uuid)751877c3-b2c7-44f3-a524-00c31ff702ca
|
| 040 |
|
|
|a SNKBUCL
|b slo
|c SNKBUCL
|e AACR2
|
| 041 |
0 |
|
|a slo
|
| 044 |
|
|
|a xo
|c SK
|
| 080 |
|
|
|a 808.54:801.5
|2 1981
|
| 080 |
|
|
|a 801.5
|2 1981
|
| 080 |
|
|
|a 398.6
|2 1981
|
| 100 |
1 |
|
|a Glovňa, Juraj,
|d 1951-
|4 aut
|9 121782
|
| 245 |
1 |
0 |
|a Elipsa predmetu a prísudku v prísloviach ako priraďovacích súvetiach s odporovacím spôsobom priradenia
|c Juraj Glovňa
|
| 300 |
|
|
|b Lit. 7 zázn. v slov., češ.
|
| 650 |
0 |
7 |
|a príslovia
|2 snkbucl
|9 1251
|
| 650 |
0 |
7 |
|a elipsa podmetu a prísudku
|2 snkbucl
|9 1343781
|
| 655 |
|
7 |
|a články z novín a časopisov
|2 snkbucl
|9 267496
|
| 773 |
0 |
|
|t Slovenská reč
|g Roč. 50, č. 1 (1985), s. 37-43
|
| 850 |
|
|
|a Slovenská národná knižnica
|
| 852 |
|
|
|a Slovenská národná knižnica
|
| 954 |
|
|
|a odborná, vedecká literatúra pôvodná (slovenská)
|2 lita
|
| 958 |
|
|
|a article15
|
| 958 |
|
|
|a OND
|
| 958 |
|
|
|a NB
|
| 958 |
|
|
|a RK
|
| 958 |
|
|
|a EUIPO
|
| 992 |
|
|
|a RBX
|
| 999 |
|
|
|c 2728721
|d 2730651
|